[Event "High Wycombe e2e4 op U2050"]
[Site "High Wycombe"]
[Date "2013.10.13"]
[Round "5"]
[White "Colter, Nigel"]
[Black "Homer, Neil S"]
[Result "1-0"]
[WhiteElo "1720"]
[BlackElo "1614"]
[PlyCount "55"]
[EventDate "2013.10.11"]
[EventType "swiss"]
[EventRounds "5"]
[EventCountry "ENG"]
[SourceTitle "EXT 2015"]
[Source "ChessBase"]
[SourceDate "2014.11.20"]
[SourceVersion "1"]
[SourceVersionDate "2014.11.20"]
[SourceQuality "1"]

1. d4 d5 2. Nf3 Nf6 3. c4 e6 4. cxd5 exd5 5. Nc3 c6 6. Bg5 Be7 7. Qc2 0-0 8. e3 h6 9. Bxf6 Bxf6 10. h3 Nd7 11. Be2 Re8 12. 0-0-0 b5 13. Rdg1 a5 14. g4 Nf8 15. h4 Be7 16. Ne5 Bb7 17. g5 hxg5 18. hxg5 Bxg5 19. Rh8+ Kxh8 20. Nxf7+ Kg8 21. Nxd8 Bxe3+ 22. fxe3 Raxd8 23. Qf5 Bc8 24. Qh5 Re6 25. Rxg7+ Kxg7 26. Qg5+ Rg6 27. Qxd8 Rg1+ 28. Nd1 1-0

[Event "High Wycombe e2e4 U2000 op 03"]
[Site "High Wycombe"]
[Date "2013.03.10"]
[Round "5"]
[White "Colter, Nigel"]
[Black "Sloan, Cecil"]
[Result "1-0"]
[WhiteElo "1731"]
[BlackElo "1742"]
[PlyCount "93"]
[EventDate "2013.03.08"]
[EventType "swiss"]
[EventRounds "5"]
[EventCountry "ENG"]
[SourceTitle "EXT 2015"]
[Source "ChessBase"]
[SourceDate "2014.11.20"]
[SourceVersion "1"]
[SourceVersionDate "2014.11.20"]
[SourceQuality "1"]

1. d4 Nf6 2. Nf3 e6 3. Bg5 h6 4. Bh4 g5 5. Bg3 Nh5 6. Be5 f6 7. Qd3 Rg8 8. Qh7 fxe5 9. Qxg8 Qf6 10. Nxe5 Nc6 11. Ng6 Nxd4 12. Na3 Ng7 13. Qxf8+ Qxf8 14. Nxf8 Kxf8 15. e3 Nc6 16. Nb5 a6 17. Nd4 Nxd4 18. exd4 Nf5 19. c3 b6 20. Bd3 Bb7 21. Bxf5 exf5 22. 0-0 Re8 23. Rfe1 Rxe1+ 24. Rxe1 Kf7 25. Re5 Be4 26. f3 d6 27. Rxe4 fxe4 28. fxe4 Ke6 29. Kf2 c5 30. Kf3 h5 31. a4 c4 32. h4 gxh4 33. Kf4 Kf6 34. e5+ dxe5+ 35. dxe5+ Ke6 36. Ke4 b5 37. axb5 axb5 38. Kf4 h3 39. gxh3 h4 40. Ke4 Ke7 41. Kd5 Kd7 42. e6+ Ke7 43. Ke5 Ke8 44. Kd6 Kd8 45. e7+ Ke8 46. Kc5 Kxe7 47. Kxb5 1-0

[Event "High Wycombe e2e4 U2000 op 03"]
[Site "High Wycombe"]
[Date "2013.03.09"]
[Round "2"]
[White "Burrows, Nick"]
[Black "Colter, Nigel"]
[Result "1-0"]
[WhiteElo "1918"]
[BlackElo "1731"]
[PlyCount "57"]
[EventDate "2013.03.08"]
[EventType "swiss"]
[EventRounds "5"]
[EventCountry "ENG"]
[SourceTitle "EXT 2015"]
[Source "ChessBase"]
[SourceDate "2014.11.20"]
[SourceVersion "1"]
[SourceVersionDate "2014.11.20"]
[SourceQuality "1"]

1. Nf3 d5 2. d4 e6 3. c4 a6 4. g3 dxc4 5. Bg2 Nd7 6. 0-0 Ngf6 7. Qc2 Nb6 8. Nbd2 Bd7 9. Ne5 Ba4 10. b3 cxb3 11. axb3 Bb5 12. Bxb7 Rb8 13. Bxa6 Bd7 14. Ba3 Bxa3 15. Rxa3 0-0 16. Rc1 Ne8 17. e3 Qe7 18. Raa1 Nd5 19. Nxd7 Qxd7 20. Bf1 f6 21. Bh3 Qe7 22. Qe4 Rb6 23. Rc5 f5 24. Qb1 g5 25. Bg2 Ndf6 26. Qc2 Kg7 27. Ra7 Kh8 28. Nc4 Qf7 29. Nxb6 1-0

[Event "High Wycombe e2e4 Intermediate op 03"]
[Site "High Wycombe"]
[Date "2012.03.16"]
[Round "1"]
[White "Hung, Jake"]
[Black "Colter, Nigel"]
[Result "0-1"]
[WhiteElo "1566"]
[BlackElo "1769"]
[PlyCount "52"]
[EventDate "2012.03.16"]
[EventType "swiss"]
[EventRounds "5"]
[EventCountry "ENG"]
[SourceTitle "EXT 2014"]
[Source "ChessBase"]
[SourceDate "2013.11.20"]
[SourceVersion "1"]
[SourceVersionDate "2013.11.20"]
[SourceQuality "1"]

1. c4 e6 2. g3 d5 3. Bg2 Nf6 4. e3 Be7 5. Ne2 0-0 6. cxd5 exd5 7. 0-0 c6 8. Nbc3 Bg4 9. d4 Qd7 10. f3 Bh3 11. Nf4 Bxg2 12. Kxg2 Na6 13. e4 Nc7 14. Qa4 Rfd8 15. e5 Nfe8 16. Nd3 b6 17. b4 a5 18. bxa5 Rxa5 19. Qb3 b5 20. Be3 Ra3 21. Qb2 Rda8 22. Bc1 Ne6 23. Qf2 Rxc3 24. Qd2 Rc4 25. Nb2 Rxd4 26. Qc2 Ba3 0-1

[Event "FICGS rapid B 000192 email"]
[Site "FICGS email"]
[Date "2012.01.31"]
[Round "1"]
[White "Lois, Spyros"]
[Black "Colter, Nigel"]
[Result "1/2-1/2"]
[WhiteElo "1801"]
[BlackElo "1803"]
[PlyCount "56"]
[EventDate "2012.??.??"]
[EventType "tourn (rapid)"]
[EventRounds "6"]
[SourceTitle "Corr 2022"]
[Source "ChessBase"]
[SourceDate "2021.10.24"]
[SourceVersion "1"]
[SourceVersionDate "2021.10.24"]
[SourceQuality "1"]

1. e4 c6 2. d4 d5 3. Nc3 dxe4 4. Nxe4 Nf6 5. Ng5 h6 6. N5f3 Bf5 7. Bd3 Bxd3 8. Qxd3 e6 9. Ne2 Bd6 10. 0-0 Nbd7 11. Re1 Qc7 12. c4 0-0 13. c5 Be7 14. Bf4 Qd8 15. Qc2 Nd5 16. a3 Nxf4 17. Nxf4 Qc7 18. Nd3 Nf6 19. Rad1 Rad8 20. Nde5 Nd5 21. Rd2 Bf6 22. h3 Rfe8 23. Qe4 Ne7 24. Rd3 Nf5 25. Ng4 Be7 26. Nge5 Bf6 27. Ng4 Be7 28. Nge5 Bf6 1/2-1/2

[Event "FICGS rapid B 000192 email"]
[Site "FICGS email"]
[Date "2012.01.31"]
[Round "1"]
[White "Tsimbalenko, Dmitry"]
[Black "Colter, Nigel"]
[Result "0-1"]
[WhiteElo "1800"]
[BlackElo "1803"]
[PlyCount "102"]
[EventDate "2012.??.??"]
[EventType "tourn (rapid)"]
[EventRounds "6"]
[SourceTitle "Corr 2022"]
[Source "ChessBase"]
[SourceDate "2021.10.24"]
[SourceVersion "1"]
[SourceVersionDate "2021.10.24"]
[SourceQuality "1"]

1. Nf3 d5 2. d4 e6 3. g3 Nf6 4. Bg2 Be7 5. 0-0 0-0 6. Ne5 Nbd7 7. f4 c5 8. e3 Qc7 9. Nd2 Rb8 10. a4 b6 11. c4 Bb7 12. b3 Rfd8 13. Bb2 h6 14. Rc1 a6 15. Qe2 dxc4 16. bxc4 Bxg2 17. Kxg2 Qb7+ 18. Qf3 Nxe5 19. fxe5 Qxf3+ 20. Kxf3 Nd7 21. d5 f6 22. exf6 Bxf6 23. Bxf6 Nxf6 24. e4 b5 25. axb5 axb5 26. e5 Nd7 27. Ne4 Nxe5+ 28. Ke2 exd5 29. cxd5 c4 30. d6 b4 31. Rcd1 c3 32. Rd5 Re8 33. Rc5 Nd7 34. Rc7 Nf6 35. Rxf6 gxf6 36. Kd3 Rf8 37. Kc2 Rbe8 38. Kd3 f5 39. Nc5 Re1 40. d7 Rd8 41. Kc2 Re2+ 42. Kc1 Kf8 43. Nd3 Ke7 44. Nxb4 Rxh2 45. Rxc3 Rxd7 46. Nd3 Ra7 47. Kb1 Raa2 48. Nf4 Raf2 49. Re3+ Kf7 50. Re1 h5 51. Nd3 Rfg2 0-1

[Event "Uxbridge e2e4 Major op"]
[Site "Uxbridge"]
[Date "2011.03.20"]
[Round "5"]
[White "Mavinkurve, Anuj"]
[Black "Colter, Nigel"]
[Result "0-1"]
[WhiteElo "1602"]
[BlackElo "1785"]
[PlyCount "66"]
[EventDate "2011.03.18"]
[EventType "swiss"]
[EventRounds "5"]
[EventCountry "ENG"]
[SourceTitle "EXT 2023"]
[Source "ChessBase"]
[SourceDate "2022.10.05"]
[SourceVersion "1"]
[SourceVersionDate "2022.10.05"]
[SourceQuality "1"]

1. e4 c6 2. d4 d5 3. Nc3 dxe4 4. Nxe4 Bf5 5. Ng3 Bg6 6. Nf3 e6 7. Be3 Qa5+ 8. c3 Nd7 9. Bd3 Ngf6 10. Bxg6 hxg6 11. Qb3 0-0-0 12. a4 Be7 13. Bd2 Qc7 14. a5 Nh5 15. Nxh5 Rxh5 16. a6 b6 17. c4 Rdh8 18. g3 e5 19. dxe5 Nxe5 20. h4 Nxf3+ 21. Qxf3 Re5+ 22. Kf1 Rf5 23. Qg2 Qd7 24. f4 Bc5 25. Be1 Re8 26. Qc2 Rf6 27. Rh2 Rfe6 28. Rd1 Qe7 29. Bc3 Re3 30. Qg2 Qe6 31. Qh3 f5 32. Rf2 Qxc4+ 33. Kg2 Re2 0-1

[Event "Uxbridge e2e4 Major op"]
[Site "Uxbridge"]
[Date "2011.03.18"]
[Round "1"]
[White "Costello, Colin"]
[Black "Colter, Nigel"]
[Result "1/2-1/2"]
[WhiteElo "1965"]
[BlackElo "1785"]
[PlyCount "43"]
[EventDate "2011.03.18"]
[EventType "swiss"]
[EventRounds "5"]
[EventCountry "ENG"]
[SourceTitle "EXT 2023"]
[Source "ChessBase"]
[SourceDate "2022.10.05"]
[SourceVersion "1"]
[SourceVersionDate "2022.10.05"]
[SourceQuality "1"]

1. c4 f5 2. Nf3 Nf6 3. g3 d6 4. Nc3 e5 5. d3 b6 6. Bg2 Bb7 7. 0-0 Be7 8. b4 0-0 9. Qb3 Qe8 10. a4 Nc6 11. Bb2 Nd4 12. Nxd4 Bxg2 13. Kxg2 exd4 14. Nb5 c5 15. Nc7 Qc6+ 16. Nd5 Nxd5 17. cxd5 Qd7 18. e3 f4 19. exf4 Rxf4 20. Rae1 Rf6 21. bxc5 bxc5 22. Qb5 1/2-1/2

[Event "FICGS class C 000090 email"]
[Site "FICGS email"]
[Date "2009.11.09"]
[Round "1"]
[White "Deline, Ralph"]
[Black "Colter, Nigel"]
[Result "1/2-1/2"]
[WhiteElo "1912"]
[BlackElo "1853"]
[PlyCount "108"]
[EventDate "2009.??.??"]
[EventType "tourn (corr)"]
[EventRounds "1"]
[SourceTitle "Corr 2022"]
[Source "ChessBase"]
[SourceDate "2021.10.24"]
[SourceVersion "1"]
[SourceVersionDate "2021.10.24"]
[SourceQuality "1"]

1. e4 c6 2. d4 d5 3. exd5 cxd5 4. c4 Nf6 5. Nc3 g6 6. Qb3 Bg7 7. cxd5 0-0 8. Nf3 Nbd7 9. Bg5 Nb6 10. Bxf6 Bxf6 11. Bd3 Bg7 12. 0-0 e6 13. dxe6 Bxe6 14. Qa3 Bxd4 15. Nxd4 Qxd4 16. Rfd1 Qf4 17. g3 Qf6 18. Bf1 Nc4 19. Qb4 Ne5 20. f4 Ng4 21. Rd2 b6 22. Ne4 Qg7 23. Ng5 Bf5 24. Bc4 h6 25. Nxf7 Rxf7 26. Re1 h5 27. Re7 Nh6 28. Bd5 Rc8 29. Rxa7 Qf6 30. Bxf7+ Nxf7 31. Qe7 Kg7 32. Qxf6+ Kxf6 33. b4 Rc1+ 34. Kf2 Rh1 35. h4 Rb1 36. a3 Rb3 37. Ra6 Kg7 38. Rxb6 Rxa3 39. Re2 Nh6 40. Re7+ Kf8 41. Rh7 Ng4+ 42. Ke1 Kg8 43. Rc7 Re3+ 44. Kd2 Rd3+ 45. Kc1 Rd8 46. Kb2 Ne3 47. Rbb7 Nd5 48. Rg7+ Kh8 49. Rh7+ Kg8 50. Rbg7+ Kf8 51. Ra7 Kg8 52. Rhb7 Rc8 53. Ka3 Rc3+ 54. Ka2 Rc2+ 1/2-1/2

[Event "FICGS class C 000062 email"]
[Site "FICGS email"]
[Date "2008.11.15"]
[Round "1"]
[White "Boehme, Sebastian"]
[Black "Colter, Nigel"]
[Result "1-0"]
[WhiteElo "2027"]
[BlackElo "1858"]
[PlyCount "119"]
[EventDate "2008.??.??"]
[EventType "tourn (corr)"]
[EventRounds "1"]
[SourceTitle "Corr 2022"]
[Source "ChessBase"]
[SourceDate "2021.10.24"]
[SourceVersion "1"]
[SourceVersionDate "2021.10.24"]
[SourceQuality "1"]

1. e4 c6 2. d4 d5 3. Nc3 dxe4 4. Nxe4 Bf5 5. Ng3 Bg6 6. h4 h6 7. Nf3 Nd7 8. Bd3 Bxd3 9. Qxd3 e6 10. Bd2 Ngf6 11. 0-0-0 Be7 12. Ne4 Nxe4 13. Qxe4 Nf6 14. Qe2 Qd5 15. c4 Qh5 16. Qe5 Qxe5 17. Nxe5 c5 18. Be3 Rc8 19. dxc5 Bxc5 20. Rhe1 Bxe3+ 21. Rxe3 b5 22. Rc3 bxc4 23. Rd4 Nd5 24. Rdxc4 Rxc4 25. Rxc4 Ke7 26. Nc6+ Kf6 27. Nxa7 Ra8 28. Ra4 g5 29. hxg5+ hxg5 30. Ra3 Rh8 31. Nb5 Rh2 32. Rg3 Nf4 33. Nc3 Nxg2 34. a4 Ke7 35. Rxg5 Nf4 36. Rb5 Rxf2 37. a5 Ne2+ 38. Nxe2 Rxe2 39. Kb1 Re1+ 40. Ka2 Rc1 41. b4 Kd7 42. a6 Rc7 43. Rb6 f5 44. b5 f4 45. Rb8 Ra7 46. Kb3 e5 47. Kb4 Ke6 48. Re8+ Kf6 49. Ka5 f3 50. b6 Re7 51. Rf8+ Rf7 52. Rxf7+ Kxf7 53. a7 f2 54. a8Q f1Q 55. Qd5+ Kf6 56. Qd6+ Kf7 57. b7 Qa1+ 58. Kb5 Qf1+ 59. Kb6 Qf2+ 60. Kc7 1-0

[Event "FICGS rapid B 000088 email"]
[Site "FICGS email"]
[Date "2008.04.06"]
[Round "1"]
[White "Colter, Nigel"]
[Black "Sternik, Ryszard"]
[Result "1/2-1/2"]
[WhiteElo "1828"]
[BlackElo "1878"]
[PlyCount "88"]
[EventDate "2008.??.??"]
[EventType "tourn (rapid)"]
[EventRounds "6"]
[SourceTitle "Corr 2022"]
[Source "ChessBase"]
[SourceDate "2021.10.24"]
[SourceVersion "1"]
[SourceVersionDate "2021.10.24"]
[SourceQuality "1"]

1. d4 Nf6 2. Bg5 Ne4 3. Bf4 g5 4. Be5 Rg8 5. Nd2 d5 6. Nxe4 dxe4 7. e3 Nd7 8. Bg3 c5 9. c3 Qb6 10. Qc2 cxd4 11. exd4 h5 12. h4 gxh4 13. Rxh4 Nf6 14. a4 Bd7 15. a5 Qc6 16. Be5 0-0-0 17. Nh3 Rg4 18. Bxf6 exf6 19. Rxg4 hxg4 20. Nf4 Kb8 21. g3 Bd6 22. Nh5 Bc7 23. a6 Rh8 24. Nf4 Bxf4 25. gxf4 b6 26. c4 Rh2 27. Qc3 Qd6 28. Qg3 Qb4+ 29. Qc3 Qxc3+ 30. bxc3 e3 31. fxe3 g3 32. 0-0-0 Ba4 33. Re1 Rc2+ 34. Kb1 g2 35. Bxg2 Rxg2 36. Rh1 Bd7 37. Rh8+ Bc8 38. Rf8 Rg7 39. Kc2 Kc7 40. Kd3 f5 41. d5 Bxa6 42. Ra8 Kb7 43. Rf8 Rh7 44. Kd4 Kc7 1/2-1/2

[Event "FICGS rapid B 000088 email"]
[Site "FICGS email"]
[Date "2008.04.06"]
[Round "1"]
[White "Orlov, Sergei"]
[Black "Colter, Nigel"]
[Result "1/2-1/2"]
[WhiteElo "1784"]
[BlackElo "1828"]
[PlyCount "129"]
[EventDate "2008.??.??"]
[EventType "tourn (rapid)"]
[EventRounds "6"]
[SourceTitle "Corr 2022"]
[Source "ChessBase"]
[SourceDate "2021.10.24"]
[SourceVersion "1"]
[SourceVersionDate "2021.10.24"]
[SourceQuality "1"]

1. e4 c6 2. d4 d5 3. Nc3 dxe4 4. Nxe4 Bf5 5. Ng3 Bg6 6. h4 h6 7. Nf3 Nd7 8. h5 Bh7 9. Bd3 Bxd3 10. Qxd3 e6 11. Bf4 Qa5+ 12. Bd2 Bb4 13. c3 Be7 14. 0-0 Ngf6 15. c4 Qc7 16. Qe2 Bd6 17. Ne4 Nxe4 18. Qxe4 0-0 19. Qe2 Nf6 20. Ne5 c5 21. Bc3 cxd4 22. Bxd4 Rac8 23. b3 Rfd8 24. Rad1 Qa5 25. g3 Bc5 26. Ba1 Qc7 27. Kg2 a6 28. a4 Qb6 29. Qf3 Bf8 30. a5 Qc7 31. Bc3 Nh7 32. Qe2 b5 33. axb6 Qxb6 34. Rxd8 Rxd8 35. Rd1 Rc8 36. Qc2 Nf6 37. f3 Qc7 38. Qb2 Bd6 39. g4 Ne8 40. Nd3 Qb8 41. Qa2 Qb6 42. Ra1 Qe3 43. Qc2 Rd8 44. Re1 Qb6 45. b4 Be7 46. Qf2 Qd6 47. Ne5 Bf6 48. Qe2 Bxe5 49. c5 Qc6 50. Bxe5 Qa4 51. Bc3 Nf6 52. Kg3 Nd5 53. Qe5 Nxc3 54. Qxc3 Qc6 55. Re2 Qd5 56. Rc2 f5 57. Qe3 fxg4 58. fxg4 Kh8 59. Rc3 Qd1 60. Rc1 Qd5 61. c6 Rc8 62. Qc3 Qe4 63. c7 Rxc7 64. Qxc7 Qe3+ 65. Kg2 1/2-1/2

[Event "FICGS class C 000069 email"]
[Site "FICGS email"]
[Date "2007.12.19"]
[Round "1"]
[White "Colter, Nigel"]
[Black "Florea, Oscar"]
[Result "1-0"]
[WhiteElo "1785"]
[BlackElo "1800"]
[PlyCount "39"]
[EventDate "2007.??.??"]
[EventType "tourn (corr)"]
[EventRounds "4"]
[SourceTitle "Corr 2022"]
[Source "ChessBase"]
[SourceDate "2021.10.24"]
[SourceVersion "1"]
[SourceVersionDate "2021.10.24"]
[SourceQuality "1"]

1. e4 c6 2. d4 d5 3. exd5 cxd5 4. c3 e6 5. Bf4 Nf6 6. Nf3 Be7 7. Bd3 h6 8. Nbd2 Bd6 9. Bxd6 Qxd6 10. Ne5 Nc6 11. f4 a6 12. 0-0 Nd7 13. Qh5 0-0 14. Ng4 Ne7 15. Nxh6+ gxh6 16. Qxh6 f5 17. Rf3 Rf6 18. Rg3+ Kf7 19. Qh8 Qxf4 20. Rg7# 1-0

[Event "FICGS class C 000069 email"]
[Site "FICGS email"]
[Date "2007.12.19"]
[Round "1"]
[White "Faust, Dieter"]
[Black "Colter, Nigel"]
[Result "0-1"]
[WhiteElo "1640"]
[BlackElo "1785"]
[PlyCount "74"]
[EventDate "2007.??.??"]
[EventType "tourn (corr)"]
[EventRounds "4"]
[SourceTitle "Corr 2022"]
[Source "ChessBase"]
[SourceDate "2021.10.24"]
[SourceVersion "1"]
[SourceVersionDate "2021.10.24"]
[SourceQuality "1"]

1. e4 c6 2. d4 d5 3. e5 Bf5 4. g4 Be4 5. f3 Bg6 6. Ne2 e6 7. h4 Bb4+ 8. c3 Be7 9. h5 Bh4+ 10. Kd2 Bg5+ 11. f4 Be4 12. Rh3 Be7 13. Ng3 Bxb1 14. Rxb1 c5 15. Qa4+ Nc6 16. dxc5 Bxc5 17. Bb5 Nge7 18. Bd3 a6 19. h6 g6 20. Qd1 Qc7 21. Kc2 b5 22. a3 Rb8 23. b4 Ba7 24. Kb2 0-0 25. Ka2 d4 26. cxd4 a5 27. bxa5 Qxa5 28. Ne4 Nd5 29. Nf6+ Nxf6 30. exf6 b4 31. Be4 Nxd4 32. Bd2 Qa6 33. Rxb4 Bc5 34. Rxb8 Rxb8 35. Qc1 Bf8 36. Bd3 Qb7 37. Bc4 Nf3 0-1

[Event "FICGS rapid A 000022 email"]
[Site "FICGS email"]
[Date "2007.06.13"]
[Round "1"]
[White "Colter, Nigel"]
[Black "Paulesu, Sebastiano"]
[Result "0-1"]
[WhiteElo "1855"]
[BlackElo "1969"]
[PlyCount "88"]
[EventDate "2007.??.??"]
[EventType "tourn (rapid)"]
[EventRounds "6"]
[SourceTitle "Corr 2022"]
[Source "ChessBase"]
[SourceDate "2021.10.24"]
[SourceVersion "1"]
[SourceVersionDate "2021.10.24"]
[SourceQuality "1"]

1. e4 d5 2. exd5 Nf6 3. d4 Bg4 4. f3 Bf5 5. Bb5+ Nbd7 6. c4 e6 7. dxe6 Bxe6 8. d5 Bf5 9. Nc3 Bc5 10. Qe2+ Kf8 11. Be3 Qe7 12. Bf4 Re8 13. 0-0-0 Qd8 14. Qd2 Ne5 15. g4 Bg6 16. Na4 Nd3+ 17. Qxd3 Bxd3 18. Nxc5 Bg6 19. Nxb7 Qb8 20. Bc6 Kg8 21. b3 h5 22. g5 Qc8 23. gxf6 Qf5 24. Kb2 Qxf4 25. Bxe8 Qe5+ 26. Ka3 Qxe8 27. d6 cxd6 28. Nxd6 Qe3 29. Nh3 gxf6 30. Rhe1 Qxf3 31. Ng1 Qc3 32. Ne2 Qa5+ 33. Kb2 Qe5+ 34. Nc3 Qxh2+ 35. Re2 Qg3 36. Nce4 Bxe4 37. Nxe4 Qf3 38. Rdd2 Rh6 39. Nd6 h4 40. Rf2 Qe3 41. Nf5 Qe5+ 42. Ka3 Rh5 43. Rd5 Qe1 44. Rg2+ Rg5 0-1